000 00686nam a2200193Ia 4500
003 GCL
008 140319s9999 xx 000 0 ara d
040 _aGCL /
_cGCL
082 0 4 _a416
_bا ت
100 1 _aاحمد امين
245 1 0 _aتخرج ابيات لطائفة الارشارات للامام القشيرى ودراسة مناهج القشيرى ودراسة الاستشهاد /
_cاحمد امين
260 _a[S.N] :
_bمطبعة السعادة ،
_c1986
490 _a
650 0 4 _aالاوزان الشعرية
650 0 4 _aاللغة العربية
650 0 4 _aالبلاغة العربية
650 0 4 _aالعروض والقوافى
942 _2ddc
_cBK
999 _c29706
_d29706